Ephesa-te Hilhchian / (Record no. 3660)
[ view plain ]
| 000 -LEADER | |
|---|---|
| fixed length control field | 00467nam a22001697a 4500 |
| 003 - CONTROL NUMBER IDENTIFIER | |
| control field | GBCCL |
| 005 - DATE AND TIME OF LATEST TRANSACTION | |
| control field | 20241126110500.0 |
| 008 - FIXED-LENGTH DATA ELEMENTS--GENERAL INFORMATION | |
| fixed length control field | 171201b xxu||||| |||| 00| 0 eng d |
| 040 ## - CATALOGING SOURCE | |
| Transcribing agency | gbc |
| 082 ## - DEWEY DECIMAL CLASSIFICATION NUMBER | |
| Classification number | VER 227.507 |
| Item number | NEN |
| 100 ## - MAIN ENTRY--PERSONAL NAME | |
| Personal name | Nengzachin |
| 9 (RLIN) | 7261 |
| 245 ## - TITLE STATEMENT | |
| Title | Ephesa-te Hilhchian / |
| Statement of responsibility, etc. | Nengzachin |
| 260 ## - PUBLICATION, DISTRIBUTION, ETC. | |
| Place of publication, distribution, etc. | New Lamka: |
| Name of publisher, distributor, etc. | Kristian Konvenson Saptuam |
| 300 ## - PHYSICAL DESCRIPTION | |
| Extent | 64p.; |
| Accompanying material | 17 cm. |
| 650 ## - SUBJECT ADDED ENTRY--TOPICAL TERM | |
| Topical term or geographic name entry element | Bible |
| Form subdivision | New Testament |
| General subdivision | Ephesians |
| Chronological subdivision | Commentary |
| 9 (RLIN) | 7262 |
| 942 ## - ADDED ENTRY ELEMENTS (KOHA) | |
| Source of classification or shelving scheme | Dewey Decimal Classification |
| Koha item type | Books |
| Koha issues (borrowed), all copies | 2 |
| Withdrawn status | Lost status | Source of classification or shelving scheme | Damaged status | Not for loan | Collection | Home library | Current Library | Shelving location | Date acquired | Total checkouts | Full call number | Barcode | Date last seen | Copy number | Price effective from | Koha item type | Date last checked out |
|---|---|---|---|---|---|---|---|---|---|---|---|---|---|---|---|---|---|
| Dewey Decimal Classification | GRACE BIBLE COLLEGE | GRACE BIBLE COLLEGE | Vernacular | 2017-12-01 | VER 227.507 NEN | 010883 | 2025-05-01 | c.1 | 2017-12-01 | Books | |||||||
| Dewey Decimal Classification | GRACE BIBLE COLLEGE | GRACE BIBLE COLLEGE | Vernacular | 2017-12-01 | VER 227.507 NEN | 010884 | 2025-05-01 | c.2 | 2017-12-01 | Books | |||||||
| Dewey Decimal Classification | GRACE BIBLE COLLEGE | GRACE BIBLE COLLEGE | Vernacular | 2017-12-01 | VER 227.507 NEN | 010885 | 2025-05-01 | c.3 | 2017-12-01 | Books | |||||||
| Dewey Decimal Classification | GRACE BIBLE COLLEGE | GRACE BIBLE COLLEGE | Vernacular | 2017-12-01 | VER 227.507 NEN | 010886 | 2022-05-24 | c.4 | 2017-12-01 | Books | |||||||
| Dewey Decimal Classification | GRACE BIBLE COLLEGE | GRACE BIBLE COLLEGE | Vernacular | 2017-12-01 | 1 | VER 227.507 NEN | 010887 | 2025-05-01 | c.5 | 2017-12-01 | Books | 2024-01-29 | |||||
| Dewey Decimal Classification | GRACE BIBLE COLLEGE | GRACE BIBLE COLLEGE | Vernacular | 2017-12-01 | VER 227.507 NEN | 010888 | 2025-05-01 | c.6 | 2017-12-01 | Books | |||||||
| Dewey Decimal Classification | GRACE BIBLE COLLEGE | GRACE BIBLE COLLEGE | Vernacular | 2017-12-01 | 1 | VER 227.507 NEN | 010889 | 2025-05-01 | c.7 | 2017-12-01 | Books | 2020-02-10 |